AQA biology A2 (Record no. 34680)

MARC details
000 -LEADER
fixed length control field 00642nam a2200169 a 4500
008 - FIXED-LENGTH DATA ELEMENTS--GENERAL INFORMATION
fixed length control field 130415s2008 ||||||||||||||||| || u
020 ## - INTERNATIONAL STANDARD BOOK NUMBER
International Standard Book Number 9780748798131
050 ## - LIBRARY OF CONGRESS CALL NUMBER
Classification number QH 316 Too
100 ## - MAIN ENTRY--PERSONAL NAME
Personal name Toole, Glenn
245 10 - TITLE STATEMENT
Title AQA biology A2
Statement of responsibility, etc. by Glenn Toole and Susan Toole
260 ## - PUBLICATION, DISTRIBUTION, ETC.
Place of publication, distribution, etc. Cheltenham, UK:
Name of publisher, distributor, etc. Nelson Thornes
Date of publication, distribution, etc. 2008
300 ## - PHYSICAL DESCRIPTION
Extent viii, 320p.: ill.
650 ## - SUBJECT ADDED ENTRY--TOPICAL TERM
Topical term or geographic name entry element BIOLOGY--STUDY AND TEACHING
650 ## - SUBJECT ADDED ENTRY--TOPICAL TERM
Topical term or geographic name entry element BIOLOGY--PROBLEMS--EXERCISES, EXAMINATIONS, ETC
700 ## - ADDED ENTRY--PERSONAL NAME
Personal name Toole, Susan
995 ## - RECOMMENDATION 995 [LOCAL, UNIMARC FRANCE]
-- CBU-MAIN LIBRARY (Kitwe)
-- 1
-- AVAILABLE
-- Jun 21, 2013
-- Main Library Open Access Collection
Holdings
Withdrawn status Lost status Source of classification or shelving scheme Damaged status Not for loan Home library Current library Shelving location Date acquired Total Checkouts Full call number Barcode Date last seen Price effective from Koha item type
          CBU-MAIN LIBRARY, KITWE. CBU-MAIN LIBRARY, KITWE.   11/30/2022   QH 316 Too 743913 11/30/2022 11/30/2022 MONOGRAPH